Valparaíso, la memoria dispersa: crónicas históricas
Enregistré dans:
| Auteur principal: | |
|---|---|
| Format: | Livre |
| Langue: | espagnol |
| Publié: |
Santiago
Ril Editores
2013
|
| Édition: | 1a. ed |
| Collection: | Bibliodiversidad
|
| Sujets: | |
| Tags: |
Ajouter un tag
Pas de tags, Soyez le premier à ajouter un tag!
|
MARC
| LEADER | 00000cam a2200000 a 4500 | ||
|---|---|---|---|
| 001 | UCC1681 | ||
| 003 | CL-VaPUC | ||
| 008 | 171117e20131000cl |||||||||||||||||spa|d | ||
| 020 | |a 9789560100269 | ||
| 082 | 0 | 4 | |a 983.255 |b GUA |2 21 |
| 100 | |a Guajardo, Ernesto |e author |9 595727 | ||
| 245 | 1 | 0 | |a Valparaíso, la memoria dispersa: crónicas históricas |
| 250 | |a 1a. ed | ||
| 300 | |a 219 p | ||
| 942 | |c BK | ||
| 945 | |d 20171117 16:06:00 |a arojas | ||
| 260 | |a Santiago |b Ril Editores |c 2013 | ||
| 650 | 0 | |a Historia de Valparaíso |9 460237 | |
| 650 | 0 | |a Memoria histórica |9 431578 | |
| 650 | 0 | |a Crónicas chilenas |9 321511 | |
| 583 | |a last modification |c 20171117 16:06:00 |k Rodrigo Vera | ||
| 490 | 0 | |a Bibliodiversidad | |
| 999 | |c 370076 |d 370074 | ||
| 952 | |0 0 |1 0 |3 erb |4 0 |6 983_255000000000000_GUA_2013 |7 0 |8 A |9 486370 |a BIBGIM |b BIBGIM |i 5434890 |o 983.255 GUA 2013 |p 5434890 |r 2025-01-15 |w 2019-11-24 |y BK |z Catalogado en:20171117 |k SSL | ||
| 952 | |0 0 |1 0 |3 erb |4 0 |6 983_255000000000000_GUA_2013 |7 0 |8 A |9 486371 |a BIBGIM |b BIBGIM |i 5434904 |o 983.255 GUA 2013 |p 5434904 |r 2025-01-15 |w 2019-11-24 |y BK |z Catalogado en:20171117 |k SSL | ||